Normal view
MARC view
- G. M. Moss
Entry Personal Name
001 - CONTROL NUMBER
- control field: 127631
003 - CONTROL NUMBER IDENTIFIER
- control field: NUST
005 - DATE AND TIME OF LATEST TRANSACTION
- control field: 20250117102013.0
008 - FIXED-LENGTH DATA ELEMENTS
- fixed length control field: 250117|| aca||aabn | a|a d
040 ## - CATALOGING SOURCE
- Original cataloging agency: NUST
- Transcribing agency: NUST
100 ## - HEADING--PERSONAL NAME
- Personal name: G. M. Moss
670 ## - SOURCE DATA FOUND
- Source citation: Work cat.: (NUST): G. M. Moss, Military Ballistics, 1995.
